000
00289nam a22001097a 4500
008
170119b xxu||||| |||| 00| 0 eng d
020
_a
9781416037088
041
_a
eng
080
_2
4TH
_a
618.2
245
_a
COMPREHENSIVE REVIEW FOR THE NCLEX-RN EXAMINATION
_c
SILVESTRI, L.A
942
_2
udc
_c
BK
999
_c
3182
_d
3182